Mountain Dew Flavors Quiz Stats

 Plays Quiz not verified by Sporcle

Also try: Click a Jen
Challenge
Share
Tweet
Embed
Score 0/17 Timer 04:00
0 Plays Today
% Correct
Code Red
95.5%
Voltage
83.3%
White Out
72.7%
Live Wire
71.2%
Baja Blast
63.6%
Diet
59.1%
Regular
43.9%
Throwback
25.8%
Caffeine Free
24.2%
% Correct
Diet Code Red
24.2%
Caffeine Free Diet
15.2%
Pitched Black
12.1%
Energy
12.1%
Diet Supernova
10.6%
X-Treme
10.6%
Grape
10.6%
Pitched Black II
9.1%

You're not logged in!

Compare scores with friends on all Sporcle quizzes.
Join for Free
OR
Log In

You Might Also Like...

Show Comments

Extras

Created Oct 26, 2011ReportNominate
Tags:dew, flavor, mountains

Top Quizzes Today


Score Distribution

Your Account Isn't Verified!

In order to create a playlist on Sporcle, you need to verify the email address you used during registration. Go to your Sporcle Settings to finish the process.

Report this User

Report this user for behavior that violates our Community Guidelines.

Details: